| 000 | 00565nam a22001577a 4500 | ||
|---|---|---|---|
| 003 | NUST | ||
| 005 | 20260316144110.0 | ||
| 008 | 260316b ||||| |||| 00| 0 eng d | ||
| 082 |
_a515.15 _bKIB |
||
| 100 |
_aM. Afzal Kazi, N.H. Zaidi, Mumtaz Hussain Kazi, Sakhawat Suri. _9133742 |
||
| 245 |
_aModren Calculus and Analytic Geometry With Matrices Determinants and Vectors / _cM. Afzal Kazi, N.H. Zaidi, Mumtaz Hussain Kazi, Sakhawat Suri. |
||
| 260 |
_aLahore: _bMumtaz Book Deport, _c1988. |
||
| 300 |
_a441 p ; _c24.5 cm |
||
| 563 | _aPaperback | ||
| 942 |
_2ddc _cBK |
||
| 999 |
_c616698 _d616698 |
||